| 000 | 00646nam a2200217Ia 4500 | ||
|---|---|---|---|
| 003 | IN-BaIIA | ||
| 008 | 211028s9999 xx 000 0 eng d | ||
| 020 | _a0-521-77989-8 | ||
| 040 | _cIIA Library | ||
| 080 |
_a524.3-64 _bPER |
||
| 100 |
_aPeraiah, Annamaneni _925512 |
||
| 245 | 3 |
_aAn Introduction to radiative transfer _bmethods and applications in astrophysics _cAnnamaneni Peraiah |
|
| 260 |
_aCambridge _bCambridge University Press _c2002 |
||
| 300 | _axii, 480p. | ||
| 650 |
_aPlanets _9971 |
||
| 650 |
_aPolarization _95652 |
||
| 650 |
_aradiation _91862 |
||
| 650 |
_aRadiative transfer _91568 |
||
| 650 |
_aStar _91183 |
||
| 942 | _cBK | ||
| 999 |
_c14394 _d14394 |
||